1943 1147 1643 1262 1562 1861 1337 1370 1629 1310 1378 1212 1758 1228 1193 1219 1549 1952 1787 1307 1161 1361 1746 1074 1548 1598 1058 1681 1330 1145 1847 1661 1731 1588 1825 1866 1062 1486 1959 1183 1945 1432 1591 1820 1021 1446 1328 1265 1718 1576 1748 1529 1670 1618 1576 1135 1583 1523 1681 1095 1307 1572 1647 1695 1690 1907 1714 1246 1451 1011 1665 1547 1716 1421 1413 1099 1056 1357 1508 1067 1323 1634 1411 1420 1744 1889 1579 1657 1505 1691 1594 1639 1461 1355 1046 1166 1397 1407 1681 BCNSPRNW ULIB Ver.6.0+V

เปลี่ยนเป็นภาษาไทย

Change to English
 แสดงรายละเอียดบรรณานุกรม
  กลับหน้าหลัก

Brief Record : Get Marc (ISO 2709) : E-mail record : QR code < ปิดหน้าต่าง
LEADER : 00000nam 2200000uu 4500
001    13399123652
003     ULIB
008    141103s2556||||th 000 0 tha d
020    ^a9786163351197
060    ^aWC515^bป418ร
100    ^aประเสริฐ ทองเจริญ
245    ^aระบาดบันลือโลก 20 : ไข้หวัดใหญ่/ไข้หวัดนก /^cประเสริฐ ทองเจริญ
246 0  Word-Sharking Outbreaks
250    ^aพิมพ์ครั้งที่ 1
260    ^aกรุงเทพฯ :^bอักษรสมัย(๑๙๙๙),^c2556
300    ^a245 หน้า;^b18.5 ซม.
650    ^aไข้หวัดใหญ่
650    ^aไข้หวัดนก
945    ^p200^l0^i036507
945    ^p200^l0^i036508
945    ^p200^l0^i036509
945    ^p200^l0^i036510
945    ^p200^l0^i036511
999    ^aเกษร โพธิ์สุวรรณ
รายการนี้ยังไม่มีแท็ก
คุณยังไม่ได้ล็อกอิน คุณสามารถมีกิจกรรมร่วมกับเว็บไซต์ได้ แต่ต้องล็อกอินก่อน ::
  ล็อกอิน

รายการสื่อสารสนเทศ

ลำดับที่ ประเภท เลขเรียก/บาร์โค้ด สถานที่ สถานะ
1. วิทยาศาสตร์การแพทย์ และสุขภาพ
หนังสือสำรอง
สถานะ=หนังสือสำรอง
WC515 ป418ร ฉ.1 
  Barcode: 036507
ห้องสมุดวิทยาเขตสวรรค์ประชารักษ์
►ส่วนจัดเก็บหนังสือเก่า สปร
บนชั้น
  ขอยืม
2. วิทยาศาสตร์การแพทย์ และสุขภาพ
วิทยาศาสตร์การแพทย์ และสุขภาพ
WC515 ป418ร ฉ.2 
  Barcode: 036508
ห้องสมุดวิทยาเขตสวรรค์ประชารักษ์
►ส่วนจัดเก็บหนังสือเก่า สปร
บนชั้น
  ขอยืม
3. วิทยาศาสตร์การแพทย์ และสุขภาพ
วิทยาศาสตร์การแพทย์ และสุขภาพ
WC515 ป418ร ฉ.3 
  Barcode: 036509
ห้องสมุดวิทยาเขตสวรรค์ประชารักษ์
►ส่วนจัดเก็บหนังสือเก่า สปร
บนชั้น
  ขอยืม
4. วิทยาศาสตร์การแพทย์ และสุขภาพ
วิทยาศาสตร์การแพทย์ และสุขภาพ
WC515 ป418ร ฉ.4 
  Barcode: 036510
ห้องสมุดวิทยาเขตสวรรค์ประชารักษ์
►ส่วนจัดเก็บหนังสือเก่า สปร
บนชั้น
  ขอยืม
5. วิทยาศาสตร์การแพทย์ และสุขภาพ
วิทยาศาสตร์การแพทย์ และสุขภาพ
WC515 ป418ร ฉ.5 
  Barcode: 036511
ห้องสมุดวิทยาเขตสวรรค์ประชารักษ์
►ส่วนจัดเก็บหนังสือเก่า สปร
บนชั้น
  ขอยืม

รายการใกล้เคียง
    ผู้แต่ง [ประเสริฐ ทองเจริญ]

    หัวเรื่อง [ไข้หวัดใหญ่]
    หัวเรื่อง [ไข้หวัดนก]

BibComment


ยังไม่เคยถูกคอมเมนท์

คอมเมนท์ทรัพยากรรายการนี้
  คอมเมนท์: ระบาดบันลือโลก 2..


 Copyright 2026. Bcnsprnw @Library